000 00320nam a2200121Ia 4500
008 210430s9999 xx 000 0 und d
082 _a620.1103 D245A
100 _aJ.R.Davis
_953773
245 _aASM Materials Engineering Dictionary
_cJ.R.Davis
260 _aAmerica
_bASM
_c1992
300 _a555 P
942 _cBK
_2ddc
999 _c565486
_d565486